Central Library OPAC University of Rajshahi

Revolution from 1789 to 1906 : (Record no. 41721)

MARC details
000 -LEADER
fixed length control field 00846nam a2200253 a 4500
001 - CONTROL NUMBER
control field 41721
003 - CONTROL NUMBER IDENTIFIER
rucl marc code BD-RjUL
005 - DATE AND TIME OF LATEST TRANSACTION
control field 20211209053435.0
008 - FIXED-LENGTH DATA ELEMENTS--GENERAL INFORMATION
fixed length control field 160605s1920 enk 000 0 eng
035 ## - SYSTEM CONTROL NUMBER
System control number (BD-RjUL)41839
040 ## - CATALOGING SOURCE
Original cataloging agency DLC
Transcribing agency VPI
Modifying agency OCL
-- EQO
-- BD-RjUL
Language of cataloging eng
041 ## - LANGUAGE CODE
Language code of text/sound track or separate title eng
082 ## - DEWEY DECIMAL CLASSIFICATION NUMBER
Classification number 940.27
Author mark and year REV 1920
090 ## - LOCALLY ASSIGNED LC-TYPE CALL NUMBER (OCLC); LOCAL CALL NUMBER (OCLC)
Classification number (OCLC) (R) ; Classification number, CALL (RLIN) (NR) D361
Local cutter number (OCLC) ; Book number/undivided call number, CALL (RLIN) .P65
245 00 - TITLE STATEMENT
Title Revolution from 1789 to 1906 :
Remainder of title documents /
Statement of responsibility, etc. selected and edited with notes and introductions by R.W. Postgate.
260 ## - PUBLICATION, DISTRIBUTION, ETC. (IMPRINT)
Place of publication, distribution, etc. London :
Name of publisher, distributor, etc. Grant Richards,
Date of publication, distribution, etc. 1920.
300 ## - PHYSICAL DESCRIPTION
Pagination xvi, 399 p. ;
Size 23 cm.
504 ## - BIBLIOGRAPHY, ETC. NOTE
Bibliography, etc Contains bibliographies.
650 #0 - SUBJECT ADDED ENTRY--TOPICAL TERM
Topical term or geographic name as entry element Revolutions
Geographic subdivision Europe
Form subdivision Sources.
9 (RLIN) 128163
651 #0 - SUBJECT ADDED ENTRY--GEOGRAPHIC NAME
Geographic name Europe
General subdivision History
Chronological subdivision 1789-1900
Form subdivision Sources.
9 (RLIN) 128164
Geographic name Europe
General subdivision History
Chronological subdivision 1871-1918
Form subdivision Sources.
9 (RLIN) 128165
700 1# - ADDED ENTRY--PERSONAL NAME
Personal name Postgate, Raymond,
Dates associated with a name 1896-1971.
942 ## - ADDED ENTRY ELEMENTS (KOHA)
Source of classification or shelving scheme Dewey Decimal Classification
Koha item type Books
Holdings
Lost status Source of classification or shelving scheme Damaged status Not for loan Collection code Permanent Location Current Location Shelving location Date acquired Source of acquisition Cost, normal purchase price Total Checkouts Full call number Date last seen Copy number Koha item type
  Dewey Decimal Classification   Not For Loan Non-fiction Central Library, University of Rajshahi Central Library, University of Rajshahi Reading Room 25/02/1964 Zeitlinger 15.00   940.27 REV 1920 05/06/2016 C-1 Books